Bulgarien-Quiz - Sudden Death - Statistiken

Allgemein
  • Dieses Quiz wurde 106 mal gespielt
  • Das Durchschnittsergebnis liegt bei 4 aus 10
Answers on the Grid
Answers color-coded by a green-red scale on the quiz's grid according to % correct below.
Dies ist die Flagge Bulgariens: 🇧🇬
Die Hauptstadt von Bulgarien ist Sofia
Bulgarien ist sowohl Mitglied der Europäischen Union, als auch Mitglied der NATO
Die bulgarische Währung ist der Lew
Bulgarien hat bereits den ESC gewonnen
In Bulgarien gibt es ein Pfandsystem
Bulgarien hat eine längere Küstenlänge als Israel
In Bulgarien leben mehr Frauen als Männer
Die bulgarische Schrift wird mit Kyrillisch geschrieben
Bulgarien liegt am Mittelmeer
Bulgarien grenzt an ein Land mit dieser Flagge: 🇽🇰
Das BIP pro Kopf in Bulgarien ist höher als das in Rumänien
Das bulgarische KFZ-Kennzeichen lautet "BG"
Flächenmäßig ist Bulgarien größer als Island
Bulgarien hat mehr Einwohner als Irland
Bulgarien hat keine Stadt mit 1 Million Einwohnern
Bulgarien gehörte zu Jugoslawien
Bulgarien liegt nicht im Balkan
Bulgarien ist in 28 Oblaste unterteilt
Das aktuelle Staatsoberhaupt Bulgariens ist männlich
 
Antwortstatistiken
Antwort % Korrekt
Dies ist die Flagge Bulgariens: 🇧🇬
62%
Die Hauptstadt von Bulgarien ist Sofia
56%
Bulgarien ist sowohl Mitglied der Europäischen Union, als auch Mitglied der NATO
42%
Die bulgarische Schrift wird mit Kyrillisch geschrieben
42%
Das bulgarische KFZ-Kennzeichen lautet "BG"
40%
Bulgarien hat mehr Einwohner als Irland
27%
Flächenmäßig ist Bulgarien größer als Island
27%
Bulgarien hat eine längere Küstenlänge als Israel
24%
In Bulgarien leben mehr Frauen als Männer
24%
Bulgarien ist in 28 Oblaste unterteilt
11%
Keine übereinstimmenden Quizze gefunden
Verteilung der Resultate
Anzahl Personen mit jedem Resultat
Perzentil nach korrekt beantworteten Fragen
Ihre Resultats-Entwicklung
Sie haben dieses Quiz noch nicht gespielt